Normal view
MARC view
- Afzal, Khadeeja
Entry Personal Name
001 - CONTROL NUMBER
- control field: 16738
003 - CONTROL NUMBER IDENTIFIER
- control field: NUST
005 - DATE AND TIME OF LATEST TRANSACTION
- control field: 20190704112649.0
008 - FIXED-LENGTH DATA ELEMENTS
- fixed length control field: 190704|| aca||aabn | a|a d
040 ## - CATALOGING SOURCE
- Original cataloging agency: NUST
- Transcribing agency: NUST
100 ## - HEADING--PERSONAL NAME
- Personal name: Afzal, Khadeeja
670 ## - SOURCE DATA FOUND
- Source citation: Work cat.: (NUST): Afzal, Khadeeja, Nanofluid Flow Heat and Mass Transfer Over A Porous Stretching Sheet /, 2016.
